Capitales mundiales por letra - Y - Estadísticas

Estadísticas generales
  • Esta prueba ha sido intentada 1.313 veces
    1.204 desde el último reinicio
  • La puntuación promedio es 5 de 7
Estadísticas de respuestas
Capital % Correcto
Yibuti Yibuti
87%
Indonesia Yakarta
79%
Camerún Yaundé
68%
Chad Yamena
65%
Sudan del Sur Yuba
61%
Costa de Marfil Yamusukro
58%
Nauru Yaren
50%
No se encontraron pruebas coincidentes
Distribución de puntuación
Porcentaje de gente con cada puntuación
Porcentaje por número respondido
Historial de tus puntuaciones
No has intentado esta prueba desde el último reinicio